00373nam a2200133 a 4500008004100000020001500041050001600056100001700072245004300089250001200132260005600144300003000200350000900230120416s0000 ||||||||||||||||| || u a0900612630 aTK 9956 Vhf aJessop, G. R10aVHF/UHF Manualcedited by G. R. Jessop a4th ed. aHertfordshirebRadio Society of Great Britainc1983 aIn various pagings : ill. a0.00